Giáo trình quản trị học

Tài liệu tham khảo tr. 414-415;

Đã lưu trong:
书目详细资料
主要作者: Phạm, Thế Tri
其他作者: Trường Đại học Kinh tế - Luật Tp. Hồ Chí Minh
格式: 图书
语言:Undetermined
出版: Tp. Hồ Chí Minh Đại học Quốc gia Tp. Hồ Chí Minh 2016
主题:
在线阅读:http://lrc.tdmu.edu.vn/opac/search/detail.asp?aID=2&ID=28005
标签: 添加标签
没有标签, 成为第一个标记此记录!
Thư viện lưu trữ: Trung tâm Học liệu Trường Đại học Thủ Dầu Một
LEADER 01243nam a2200217Ia 4500
001 TDMU_28005
008 210410s9999 xx 000 0 und d
082 |a 657 
090 |b PH104 
100 |a Phạm, Thế Tri 
245 0 |a Giáo trình quản trị học 
245 0 |c Phạm Thế Tri 
260 |a Tp. Hồ Chí Minh 
260 |b Đại học Quốc gia Tp. Hồ Chí Minh 
260 |c 2016 
300 |a 415 tr. 
520 |a Tài liệu tham khảo tr. 414-415;   |g Chương 1.  |t Quản trị - Mục tiêu và yếu tố môi trường --  |g Chương 2.  |t Sự phát triển của lý thuyết quản trị --  |g Chương 3.  |t Thông tin và quản trị thông tin --  |g Chương 4.  |t Quyết định --  |g Chương 5.  |t Chức năng hoạch định --  |g Chương 6.  |t Chức năng tổ chức --  |g Chương 7.  |t Chức năng lãnh đạo --  |g Chương 8.  |t Chức năng kiểm tra 
650 |a Quản trị học; Quản trị thông tin 
700 |a Trường Đại học Kinh tế - Luật Tp. Hồ Chí Minh 
856 |u http://lrc.tdmu.edu.vn/opac/search/detail.asp?aID=2&ID=28005 
980 |a Trung tâm Học liệu Trường Đại học Thủ Dầu Một